000 00775nam a2200217Ia 4500
003 GCL
008 140319s9999 xx 000 0 ara d
020 _a4512401977
040 _aGCL /
_cGCL
082 0 4 _aق
_b953.0962
_bع ر
100 1 _aعلى بركات
245 1 0 _aرؤية الجبرتى لبعض قضايا عصره /
_cعلى بركات
260 _aالقاهرة :
_bالهيئة المصرية العامة للكتاب ،
_c1997
300 _a158 ص ؛
_c22 سم
490 _aتاريخ المصريين
_v103
650 0 4 _aالمجتمع المصرى
650 0 4 _aالمؤرخون المصريون
650 0 4 _aعبدالرحمن الجبرتى
650 0 4 _aمصر - تاريخ - العصر العثمانى ( 1517-1914 م )
942 _2ddc
_cBK
999 _c50850
_d50850